[Event "2nd El Ksiba Open 2019"]
[Site "El Ksiba"]
[Date "2019.04.09"]
[Round "2.2"]
[White "Lamrabet, Mohamed"]
[Black "Hamdouchi, Hicham"]
[Result "0-1"]
[WhiteElo "2107"]
[BlackElo "2584"]
[Annotator "ChessBase"]
[PlyCount "89"]
[EventDate "2018.08.17"]
[EventType "swiss"]
[EventCountry "MAR"]
[SourceTitle "playchess.com"]
[Source "ChessBase"]
[SourceQuality "1"]
[TimeControl "5400+30"]

1. e4 {[%emt 0:00:14]} c5 {[%emt 0:00:00]} 2. Nf3 {[%emt 0:00:19]} Nc6 {[%emt 0:00:00]} 3. d4 {[%emt 0:00:40]} cxd4 {[%emt 0:00:00]} 4. Nxd4 {[%emt 0:00:07]} Qb6 {[%emt 0:00:00]} 5. Nb3 {[%emt 0:00:56]} Nf6 {[%emt 0:00:05]} 6. Nc3 {[%emt 0:00:29]} e6 {[%emt 0:00:08]} 7. Be3 {[%emt 0:02:57]} Qc7 {[%emt 0:00:23]} 8. Bd3 {[%emt 0:03:30]} a6 {[%emt 0:01:52]} 9. O-O {[%emt 0:03:27]} b5 {[%emt 0:00:47]} 10. f4 {[%emt 0:02:42]} d6 {[%emt 0:00:40]} 11. Qf3 {[%emt 0:02:28]} Bb7 {[%emt 0:00:23]} 12. Rad1 {[%emt 0:03:07]} Be7 {[%emt 0:06:24]} 13. Kh1 {[%emt 0:01:59]} O-O {[%emt 0:09:22]} 14. Qh3 {[%emt 0:03:54]} Nb4 {[%emt 0:10:14]} 15. Rf3 {[%emt 0:24:01]} Rfe8 {[%emt 0:12:27]} 16. Rdf1 {[%emt 0:08:42]} Nd7 {[%emt 0:10:03]} 17. Bd4 {[%emt 0:10:16]} Bf8 {[%emt 0:07:42]} 18. Qh5 {[%emt 0:08:40]} g6 {[%emt 0:05:47]} 19. Qh4 {[%emt 0:05:55]} Qd8 {[%emt 0:02:17]} 20. Qf2 {[%emt 0:02:00]} Nxd3 {[%emt 0:02:54]} 21. cxd3 {[%emt 0:01:14]} f5 {[%emt 0:00:27]} 22. exf5 {[%emt 0:09:06]} exf5 {[%emt 0:03:21]} 23. Re3 {[%emt 0:01:18]} Rxe3 {[%emt 0:02:37]} 24. Qxe3 {[%emt 0:00:23]} Qe8 {[%emt 0:00:30]} 25. Qg3 {[%emt 0:01:15]} Rc8 {[%emt 0:03:53]} 26. h3 {[%emt 0:01:24]} Qf7 {[%emt 0:02:59]} 27. Re1 {[%emt 0:01:04]} Nf6 {[%emt 0:02:19]} 28. Qh4 {[%emt 0:00:42]} Nh5 {[%emt 0:05:48]} 29. Re2 {[%emt 0:00:50]} Re8 {[%emt 0:02:23]} 30. Rxe8 {[%emt 0:00:44]} Qxe8 {[%emt 0:00:08]} 31. Qf2 {[%emt 0:00:15]} b4 {[%emt 0:05:19]} 32. Nd1 {[%emt 0:00:43]} Qb5 {[%emt 0:01:00]} 33. Qe3 {[%emt 0:00:31]} Qd5 {[%emt 0:00:18]} 34. Qf2 {[%emt 0:00:36]} Nxf4 {[%emt 0:02:01]} 35. Ne3 {[%emt 0:00:18]} Nxd3 {[%emt 0:00:06]} 36. Qd2 {[%emt 0:00:40]} Qe4 {[%emt 0:00:13]} 37. Qc2 {[%emt 0:00:32]} Ne5 {[%emt 0:01:34]} 38. Bb6 {[%emt 0:00:29]} f4 {[%emt 0:01:56]} 39. Nd2 {[%emt 0:00:32]} Qxc2 {[%emt 0:00:36]} 40. Nxc2 {[%emt 0:00:07]} Nd3 {[%emt 0:00:05]} 41. Bd4 {[%emt 0:00:51]} Bd5 {[%emt 0:00:49]} 42. a3 {[%emt 0:00:31]} b3 {[%emt 0:00:29]} 43. Na1 {[%emt 0:00:28]} Nc1 {[%emt 0:00:17]} 44. Kh2 {[%emt 0:00:32]} Kf7 {[%emt 0:00:20]} 45. Nb1 {[%emt 0:01:02]} 0-1

[Event "2nd El Ksiba Open 2019"]
[Site "El Ksiba"]
[Date "2019.04.09"]
[Round "2.3"]
[White "Tilicheev, Viacheslav"]
[Black "Fellousi, Abdelaziz"]
[Result "1-0"]
[WhiteElo "2518"]
[BlackElo "2100"]
[Annotator "TA"]
[PlyCount "20"]
[EventDate "2018.08.17"]
[EventType "swiss"]
[EventCountry "MAR"]
[SourceTitle "playchess.com"]
[Source "ChessBase"]
[SourceQuality "1"]

{[%evp 15,20,56,58,0,27,12,900]} 1. e4 e6 2. d4 d5 3. Nc3 Bb4 4. e5 Qd7 5. Qg4 f5 6. Qg3 b6 7. a3 Bxc3+ 8. bxc3 Ba6 {LiveBook: 203 Games. C16: French: 3 Nc3 Bb4 4 e5: Lines without ...c5} (8... Nc6 9. Bd3 Bb7 10. Ne2 O-O-O 11. a4 Na5 12. Ba3 Nc4 13. Bxc4 dxc4 14. a5 Nh6 15. Nf4 Rhg8 16. h4 {0-1 (35) Grischuk,A (2782)-Caruana,F (2799) Saint Louis 2017}) 9. Be2 ({White should play} 9. Bxa6 $14 Nxa6 10. a4) 9... Bc4 $146 ({Predecessor:} 9... Bxe2 10. Nxe2 Nc6 11. Qg5 h6 12. Qg6+ Qf7 13. Nf4 Qxg6 14. Nxg6 Rh7 15. h4 Kf7 16. h5 {0-1 (53) Rosero,J-Rosales,D (2062) Cali 2012}) 10. Bxc4 Na6 $2 {[%mdl 8192]} (10... dxc4 $11 11. Nf3 Nc6) 1-0

[Event "2nd El Ksiba Open 2019"]
[Site "El Ksiba"]
[Date "2019.04.09"]
[Round "2.4"]
[White "Messala, Noureddine"]
[Black "Grover, Sahaj"]
[Result "0-1"]
[WhiteElo "2090"]
[BlackElo "2511"]
[Annotator "ChessBase"]
[PlyCount "100"]
[EventDate "2018.08.17"]
[EventType "swiss"]
[EventCountry "MAR"]
[SourceTitle "playchess.com"]
[Source "ChessBase"]
[SourceQuality "1"]
[TimeControl "5400+30"]

1. d4 {[%emt 0:10:13]} Nf6 {[%emt 0:00:00]} 2. Nf3 {[%emt 0:01:14]} g6 {[%emt 0:01:56]} 3. c4 {[%emt 0:01:33]} Bg7 {[%emt 0:00:06]} 4. Nc3 {[%emt 0:01:52]} d5 {[%emt 0:00:15]} 5. e3 {[%emt 0:03:07]} O-O {[%emt 0:00:23]} 6. Be2 {[%emt 0:03:41]} c5 {[%emt 0:00:32]} 7. O-O {[%emt 0:08:44]} cxd4 {[%emt 0:01:06]} 8. exd4 {[%emt 0:03:13]} Nc6 {[%emt 0:00:16]} 9. Ne5 {[%emt 0:09:22]} Bf5 {[%emt 0:04:56]} 10. Be3 {[%emt 0:07:51]} dxc4 {[%emt 0:10:29]} 11. Nxc6 {[%emt 0:03:50]} bxc6 {[%emt 0:00:05]} 12. Bxc4 {[%emt 0:00:50]} Qd6 {[%emt 0:00:19]} 13. f3 {[%emt 0:06:01]} Rfd8 {[%emt 0:03:51]} 14. Rc1 {[%emt 0:14:35]} Rab8 {[%emt 0:02:05]} 15. b3 {[%emt 0:02:15]} Qb4 {[%emt 0:07:49]} 16. Qe1 {[%emt 0:07:19]} Ne8 {[%emt 0:00:19]} 17. Qh4 {[%emt 0:03:31]} Bf6 {[%emt 0:00:58]} 18. Qf4 {[%emt 0:00:08]} Qd6 {[%emt 0:20:04]} 19. Ne4 {[%emt 0:08:17]} Bxe4 {[%emt 0:01:17]} 20. fxe4 {[%emt 0:01:13]} Qxf4 {[%emt 0:00:08]} 21. Rxf4 {[%emt 0:00:38]} e6 {[%emt 0:00:09]} 22. Be2 {[%emt 0:01:01]} Bxd4 {[%emt 0:00:32]} 23. Bxd4 {[%emt 0:00:28]} Rxd4 {[%emt 0:00:06]} 24. Rxc6 {[%emt 0:00:15]} Rd2 {[%emt 0:00:06]} 25. Bc4 {[%emt 0:00:45]} Rxa2 {[%emt 0:00:08]} 26. Rf3 {[%emt 0:00:29]} Rd8 {[%emt 0:00:14]} 27. Rd3 {[%emt 0:00:32]} Rxd3 {[%emt 0:00:14]} 28. Bxd3 {[%emt 0:00:01]} Nf6 {[%emt 0:00:08]} 29. Rc2 {[%emt 0:00:59]} Rxc2 {[%emt 0:00:57]} 30. Bxc2 {[%emt 0:00:01]} Kf8 {[%emt 0:00:07]} 31. h3 {[%emt 0:00:57]} Ke7 {[%emt 0:00:13]} 32. Kf2 {[%emt 0:00:14]} Kd6 {[%emt 0:00:04]} 33. Ke3 {[%emt 0:00:20]} Kc5 {[%emt 0:00:54]} 34. g4 {[%emt 0:00:56]} g5 {[%emt 0:00:31]} 35. Kd3 {[%emt 0:00:34]} Nd7 {[%emt 0:00:40]} 36. Kc3 {[%emt 0:00:13]} a5 {[%emt 0:00:05]} 37. Bd1 {[%emt 0:00:34]} Ne5 {[%emt 0:00:08]} 38. Be2 {[%emt 0:00:21]} Ng6 {[%emt 0:00:19]} 39. Bf1 {[%emt 0:00:51]} Nf4 {[%emt 0:00:24]} 40. Kb2 {[%emt 0:00:29]} Kb4 {[%emt 0:01:01]} 41. Kc2 {[%emt 0:00:27]} h5 {[%emt 0:00:16]} 42. Kb2 {[%emt 0:00:35]} h4 {[%emt 0:00:06]} 43. Kc2 {[%emt 0:00:25]} Kc5 {[%emt 0:00:35]} 44. Kc3 {[%emt 0:00:12]} f6 {[%emt 0:00:05]} 45. Kb2 {[%emt 0:00:52]} Kd4 {[%emt 0:00:08]} 46. Ka3 {[%emt 0:00:11]} Nd3 {[%emt 0:00:07]} 47. Bxd3 {[%emt 0:00:46]} Kxd3 {[%emt 0:00:04]} 48. Ka4 {[%emt 0:00:06]} Kxe4 {[%emt 0:00:49]} 49. Kxa5 {[%emt 0:00:06]} f5 {[%emt 0:00:03]} 50. b4 {[%emt 0:00:56]} fxg4 {[%emt 0:00:12]} 0-1

[Event "2nd El Ksiba Open 2019"]
[Site "El Ksiba"]
[Date "2019.04.09"]
[Round "2.5"]
[White "Strikovic, Aleksa"]
[Black "Zarkik, Abdeslam"]
[Result "1-0"]
[WhiteElo "2493"]
[BlackElo "2084"]
[Annotator "TA"]
[PlyCount "69"]
[EventDate "2018.08.17"]
[EventType "swiss"]
[EventCountry "MAR"]
[SourceTitle "playchess.com"]
[Source "ChessBase"]
[SourceQuality "1"]

{[%evp 14,69,55,55,62,59,66,64,48,16,33,-65,-43,-54,-42,-83,-15,-46,-40,-65,-55,-40,-44,-40,-51,-68,-63,-68,16,18,118,122,93,67,77,66,66,64,77,0,0,0,0,-23,0,0,85,85,108,106,536,537,538,537,538,538,536,534]} 1. c4 e5 2. Nc3 Nc6 3. Nf3 g6 4. d4 exd4 5. Nxd4 Bg7 6. Nxc6 bxc6 7. g3 Qe7 8. Bg2 {LiveBook: 5 Games. A27: English Opening: Three Knights Variation} Qb4 9. O-O Ne7 (9... Ba6 10. Bd2 Bxc4 11. Qc2 Be6 12. Nd5 Qb7 13. Bc3 Kf8 14. Nf4 Nf6 15. e4 Rb8 {1-0 (29) Garcia Padron,J (2411)-Pazos Porta,A (2338) Linares 2016}) 10. Qd3 {White is slightly better.} Ba6 11. Rd1 $146 ({Predecessor:} 11. Nb5 cxb5 12. Bxa8 bxc4 13. Qe3 Qb6 14. Bf3 Qxe3 15. Bxe3 Bxb2 {1-0 (31) Smyslov,V-Szabo,L Buenos Aires 1970}) 11... d5 12. Bf4 (12. Qc2 $14) 12... Qxb2 $15 13. Rac1 O-O 14. Rc2 Qb4 (14... dxc4 $6 15. Qe4 $11) (14... Qb6 $17 15. Qe3 Qxe3 16. fxe3 Bxc4) 15. Rb1 Qa5 16. Qd2 {[%cal Rc3d5] [#] Nxd5 is the strong threat.} Nf5 17. cxd5 Nd4 $1 {[%cal Rd4c2]} 18. Rcc1 cxd5 19. Kh1 Rad8 20. Be3 {[#]} Nf5 (20... Nxe2 $1 $15 {[%mdl 512]} 21. Nxe2 Qxd2 22. Bxd2 Bxe2 23. Rxc7 Bc4) 21. Nxd5 $11 Qa4 (21... Qxd2 $11 {keeps the balance.} 22. Bxd2 c6 23. Rxc6 Bxe2) 22. Bc5 $36 {[%mdl 2048] Black is under strong pressure.} (22. Rxc7 $6 Nxe3 23. fxe3 Bc4 $11) 22... Rfe8 23. e4 Nd6 {[%cal Bf5d6,Bd6c4,Bc4d2][%mdl 32]} 24. f3 (24. Nxc7 Nxe4 25. Qb4 Qxb4 $11) 24... Nc4 25. Qb4 Qxa2 26. Qb3 (26. Bxa7 $6 Nd2 $11) ({Better is} 26. Nxc7 $16 Nd2 27. Nxe8 Rxe8 28. Qb8 (28. Bxa7 h5 $14)) 26... Qxb3 27. Rxb3 Nd2 28. Ra3 Bb7 29. Nxc7 Re5 (29... Bb2 $11 30. Rxa7 (30. Nxe8 Bxc1 31. Nf6+ Kg7 $11) 30... Bxc1 31. Nxe8 (31. Rxb7 Rb8 $17) 31... Nxe4 32. fxe4 Rd1+ 33. Bf1 (33. Bg1 $2 Be3 $19) 33... Bxe4+ 34. Kg1 Bd3) 30. Be3 $16 {Black must now prevent Rd1.} ({Much worse is} 30. Rxa7 $6 Nb3 $11) ({Much weaker is} 30. Bxa7 $6 Re7 $11) 30... Re7 {Strongly threatening ...Bb2.} 31. Rxa7 Bc8 $2 {[%mdl 8192]} (31... Nb3 $16 32. Rb1 Rxc7) 32. Ra8 $18 {White is clearly winning.} Red7 33. Nd5 Bb7 34. Rxd8+ Rxd8 35. Bxd2 {Precision: White = 50%, Black = 47%.} 1-0

[Event "2nd El Ksiba Open 2019"]
[Site "El Ksiba"]
[Date "2019.04.09"]
[Round "2.6"]
[White "Bendriss, Hatim"]
[Black "Maksimenko, Andrei"]
[Result "0-1"]
[WhiteElo "2071"]
[BlackElo "2461"]
[Annotator "TA"]
[PlyCount "88"]
[EventDate "2018.08.17"]
[EventType "swiss"]
[EventCountry "MAR"]
[SourceTitle "playchess.com"]
[Source "ChessBase"]
[SourceQuality "1"]

{[%evp 9,88,15,26,-12,-5,-13,-13,-10,-12,-12,-1,-16,-8,-7,-8,-14,-7,-10,0,-18,-13,-36,-6,-28,-27,-29,-24,-19,-18,-29,-12,-70,-74,-78,-83,-89,-81,-64,-70,-79,-44,-45,-66,-72,-15,-142,-94,-131,-111,-117,-101,-109,-114,-141,-151,-270,-252,-391,-246,-709,-701,-684,-552,-663,-690,-674,-651,-1077,-586,-1162,-1077,-5357,-677,-2482,-978,-1489,-1036,-29982,-29983,-29987,-660]} 1. e4 c5 2. Nc3 a6 3. g3 b5 4. Bg2 Bb7 5. d3 e6 6. Be3 {B23: Closed Sicilian: Lines without g3} (6. f4 Nf6 7. Nf3 d6 8. O-O Be7 9. a4 b4 10. Ne2 c4 11. b3 cxd3 12. cxd3 O-O 13. h3 Nc6 14. g4 Nd7 15. g5 {1-0 (51) Duda,J (2717)-Fedorchuk,S (2648) Katowice 2017}) 6... Nf6 7. Qe2 Nc6 8. Nf3 $146 {The position is equal.} ({Predecessor:} 8. Nh3 Nd4 9. Qd2 d5 10. O-O b4 11. e5 Nd7 12. Bxd4 cxd4 13. Ne2 Nxe5 14. Nxd4 {0-1 (32) Figari,E (2037)-Vazquez,G (2345) Asuncion 2013}) 8... Be7 9. O-O Ng4 10. Bd2 d6 11. Nd1 O-O 12. c3 b4 13. Ne1 Nf6 14. f4 a5 {[%cal Ba6a5,Ba5a4][%mdl 32]} 15. g4 a4 16. a3 (16. g5 $5 {[%cal Rg5f6]} Nd7 17. Ne3 $11) 16... bxc3 17. bxc3 Na5 18. g5 Nd7 19. Ra2 Nb3 20. Qh5 (20. Ne3 $11) 20... g6 $36 {[%mdl 2048] Black is in control.} 21. Qh6 Nxd2 22. Rxd2 e5 {And now ...exf4 would win.} 23. Bh3 exf4 $1 24. Rg2 {[#]} Re8 $1 25. Rxf4 Bf8 26. Qh4 Bg7 ({Better is} 26... Ne5 $17) 27. Rgf2 (27. Rxf7 $11 Kxf7 28. Qxh7) 27... Re7 28. Nf3 d5 29. Ne3 dxe4 30. dxe4 Ne5 {Hoping for ...Nd3.} 31. Nxe5 Rxe5 {[%mdl 64] [#] Discovered Attack} ({Weaker is} 31... Bxe5 32. Rxf7 h5 33. Be6 $11) 32. Rg2 (32. Rxf7 $17 Qxg5+ {[%mdl 64] Double Attack} 33. Qg3 Qxg3+ 34. hxg3 Bxe4 35. Rc7) 32... Qd3 {[%mdl 64] Double Attack} 33. Ng4 (33. Rg3 {was the only chance.} Qxc3 34. Bg2) 33... Rxe4 34. Rgf2 $2 (34. Rxe4 Qxe4 35. Nf6+ Bxf6 36. Qxe4 Bxe4 37. Re2) 34... Rxf4 $19 35. Rxf4 Qxc3 36. Nf6+ Bxf6 37. gxf6 Re8 38. Bf1 Qxa3 39. h3 Qe3+ 40. Kh2 Qd2+ 41. Kg1 {intending Qh6.} Re1 {[%csl Gb7][%cal Rd2g2]} 42. Qg3 h5 {...Rb1 is the strong threat.} 43. Rf2 Qd5 {[%csl Gb7][%cal Rd5h1]} 44. Rg2 Qxg2+ {Accuracy: White = 31%, Black = 58%.} (44... Rxf1+ $142 45. Kxf1 Qxg2+ 46. Qxg2 Bxg2+ 47. Ke2 a3 48. Kf2 Bxh3 49. Ke2 a2 50. Kd3 a1=Q 51. Kc4 Qd4+ 52. Kb5 Bd7+ 53. Kb6 Qd6+ 54. Kb7 Qc6+ 55. Kb8 Qb6+ 56. Ka8 Bc6#) 0-1

[Event "2nd El Ksiba Open 2019"]
[Site "El Ksiba"]
[Date "2019.04.09"]
[Round "2.7"]
[White "Oussedik, Mahfoud"]
[Black "Chennaoui, Yasin"]
[Result "0-1"]
[WhiteElo "2440"]
[BlackElo "2064"]
[Annotator "NA"]
[PlyCount "94"]
[EventDate "2018.08.17"]
[EventType "swiss"]
[EventCountry "MAR"]
[SourceTitle "playchess.com"]
[Source "ChessBase"]
[SourceQuality "1"]
[TimeControl "5400+30"]

1. e4 {[%emt 0:00:00]} c5 {[%emt 0:00:00]} 2. Nf3 {[%emt 0:00:00]} e6 {[%emt 0:00:00]} 3. d4 {[%emt 0:00:00]} cxd4 {[%emt 0:00:00]} 4. Nxd4 {[%emt 0:00:00]} Nf6 {[%emt 0:00:00]} 5. Nc3 {[%emt 0:00:12]} Bb4 {[%emt 0:00:00]} 6. Bd3 {[%emt 0:00:46]} Nc6 {[%emt 0:00:00]} 7. Be3 {[%emt 0:02:10]} d5 {[%emt 0:00:09]} 8. exd5 {[%emt 0:01:58]} Nxd5 {[%emt 0:04:59]} 9. Nxc6 {[%emt 0:00:30]} bxc6 {[%emt 0:01:19]} 10. Bd2 {[%emt 0:04:50]} Nxc3 {[%emt 0:05:39]} 11. bxc3 {[%emt 0:00:39]} Bd6 {[%emt 0:00:04]} 12. Qg4 {[%emt 0:03:49]} Qf6 {[%emt 0:07:14]} 13. O-O {[%emt 0:08:00]} Qe5 {[%emt 0:04:47]} 14. g3 {[%emt 0:00:18]} h5 {[%emt 0:04:06]} 15. Qf3 {[%emt 0:04:32]} Bd7 {[%emt 0:03:57]} 16. Be4 {[%emt 0:04:24]} Qc5 {[%emt 0:00:15]} 17. Be3 {[%emt 0:00:49]} Qa3 {[%emt 0:15:14]} 18. Rad1 {[%emt 0:04:38]} Ke7 {[%emt 0:06:21]} 19. Rxd6 {[%emt 0:08:48]} Qxd6 {[%emt 0:03:27]} 20. Rd1 {[%emt 0:00:14]} Qc7 {[%emt 0:06:53]} 21. Bc5+ {[%emt 0:00:47]} Ke8 {[%emt 0:01:20]} 22. Rxd7 {[%emt 0:00:11]} Kxd7 {[%emt 0:00:38]} 23. Qxf7+ {[%emt 0:03:01]} Kd8 {[%emt 0:06:51]} 24. Qxe6 {[%emt 0:07:56]} Re8 {[%emt 0:01:18]} 25. Qc4 {[%emt 0:05:39]} Rb8 {[%emt 0:00:10]} 26. Qd4+ {[%emt 0:02:24]} Qd7 {[%emt 0:02:02]} 27. Bxc6 {[%emt 0:02:03]} Qxd4 {[%emt 0:00:05]} 28. cxd4 {[%emt 0:00:31]} Re1+ {[%emt 0:00:05]} 29. Kg2 {[%emt 0:00:14]} a5 {[%emt 0:03:18]} 30. c4 {[%emt 0:01:19]} Rb2 {[%emt 0:01:54]} 31. a4 {[%emt 0:00:22]} Kc7 {[%emt 0:04:28]} 32. d5 {[%emt 0:00:58]} Re4 {[%emt 0:00:28]} 33. Bb5 {[%emt 0:00:50]} Rxb5 {[%emt 0:00:09]} 34. cxb5 {[%emt 0:05:21]} Rxa4 {[%emt 0:00:14]} 35. Bf8 {[%emt 0:10:34]} g6 {[%emt 0:01:14]} 36. Kf3 {[%emt 0:07:44]} Rd4 {[%emt 0:01:05]} 37. d6+ {[%emt 0:00:26]} Kd7 {[%emt 0:00:03]} 38. h3 {[%emt 0:05:28]} a4 {[%emt 0:00:12]} 39. Ke3 {[%emt 0:01:58]} Rd5 {[%emt 0:00:04]} 40. g4 {[%emt 0:00:25]} hxg4 {[%emt 0:00:06]} 41. hxg4 {[%emt 0:00:08]} a3 {[%emt 0:00:04]} 42. Bg7 {[%emt 0:00:24]} a2 {[%emt 0:00:08]} 43. f4 {[%emt 0:00:14]} Rxb5 {[%emt 0:00:22]} 44. Ke4 {[%emt 0:00:24]} Rb4+ {[%emt 0:00:33]} 45. Ke3 {[%emt 0:00:08]} Rb1 {[%emt 0:00:09]} 46. f5 {[%emt 0:00:25]} gxf5 {[%emt 0:00:04]} 47. gxf5 {[%emt 0:00:14]} Kxd6 {[%emt 0:00:12]} 0-1

[Event "2nd El Ksiba Open 2019"]
[Site "El Ksiba"]
[Date "2019.04.09"]
[Round "2.8"]
[White "Benaino, Samir"]
[Black "Larino Nieto, David"]
[Result "0-1"]
[WhiteElo "2063"]
[BlackElo "2434"]
[Annotator "TA"]
[PlyCount "84"]
[EventDate "2018.08.17"]
[EventType "swiss"]
[EventCountry "MAR"]
[SourceTitle "playchess.com"]
[Source "ChessBase"]
[SourceQuality "1"]

{[%evp 11,84,26,29,34,29,-9,-3,-21,16,-101,-108,-96,-87,-112,-52,-64,-70,-79,-89,-90,-11,-8,0,-10,30,10,39,-25,-28,-20,-18,-53,-61,-103,-120,-188,-198,-226,-228,-246,-245,-256,-253,-239,-205,-294,-255,-352,-323,-322,-300,-410,-398,-455,-450,-468,-385,-348,-284,-281,-281,-347,-265,-393,-392,-372,-355,-389,-385,-394,-256,-290,-290,-260,-232]} 1. c4 d6 2. Nc3 e5 3. Nf3 f5 4. d4 e4 5. Ng5 h6 6. Nh3 g5 7. e3 {A21: English Opening: 1...e5 2 Nc3} (7. f3 Nf6 8. Nf2 Qe7 9. fxe4 fxe4 10. Be3 Bg7 11. g3 c6 12. Qb3 Bf5 13. Bg2 O-O 14. h3 Bg6 {1-0 (23) Romanov,E (2651)-Kabanov,N (2475) St Petersburg 2013}) 7... Nf6 8. Be2 Bg7 9. Bh5+ {The position is equal.} Kf8 10. Nd5 $146 (10. Be2 $1 $11) ({Predecessor:} 10. Be2 Kf7 11. O-O Nc6 12. f3 exf3 13. Bxf3 Rf8 14. Nf2 {0-1 (38) Zierke,O (2253)-Drazic,S (2433) Pula 2014}) 10... Nxh5 $17 11. Qxh5 c6 12. Nc3 Nd7 ({Black should play} 12... c5 $17 13. dxc5 dxc5) 13. Qd1 $15 Nf6 14. f3 exf3 15. gxf3 f4 (15... d5 $17 16. Qd3 dxc4 17. Qxc4 Qe7) 16. Nf2 $11 fxe3 17. Bxe3 Qe7 18. Qd2 Be6 19. b3 (19. h4 $14) 19... Re8 $36 {[%mdl 2048] ...Bxc4! is the strong threat. Black fights for an advantage.} 20. O-O-O {[#]} Bxc4 $1 {[%mdl 512]} 21. Rhe1 (21. bxc4 Qxe3) 21... Be6 $1 22. f4 {[#]} g4 $1 23. f5 (23. Nh1 $17 {was called for.}) 23... Bxf5 $19 24. Bg5 Qf7 ({Don't play} 24... hxg5 25. Rxe7 Rxe7 26. Nh1 $15) 25. Bf4 Qd7 26. Rxe8+ Kxe8 ({But not} 26... Nxe8 27. Qe2 $19) 27. Re1+ Kf7 28. Rf1 (28. Nfe4 $142 Nxe4 29. Nxe4) 28... Kg6 ({Not} 28... Nd5 29. Nfe4 $17) 29. Nfd1 Ne4 30. Nxe4 Bxe4 31. Rg1 Kh7 32. Nf2 Bf5 33. Qd1 Qe7 34. Re1 Qh4 35. Bg3 Qg5+ 36. Kb2 {If White can now play Ne4 this consolidates a bit.} Qf6 37. Ne4 (37. Nxg4 $142 Qxd4+ 38. Qxd4 Bxd4+ 39. Kc1) 37... Qxd4+ 38. Qxd4 Bxd4+ 39. Ka3 d5 40. Nd6 Bc5+ 41. b4 Bxd6 $1 42. Bxd6 Be4 {Accuracy: White = 29%, Black = 49%.} 0-1

[Event "2nd El Ksiba Open 2019"]
[Site "El Ksiba"]
[Date "2019.04.09"]
[Round "2.9"]
[White "Zaibi, Amir"]
[Black "Douich, Mehdi"]
[Result "1-0"]
[WhiteElo "2395"]
[BlackElo "2022"]
[Annotator "NA"]
[PlyCount "61"]
[EventDate "2018.08.17"]
[EventType "swiss"]
[EventCountry "MAR"]
[SourceTitle "playchess.com"]
[Source "ChessBase"]
[SourceQuality "1"]
[TimeControl "5400+30"]

1. d4 {[%emt 0:01:26]} Nf6 {[%emt 0:09:13]} 2. c4 {[%emt 0:00:30]} g6 {[%emt 0:00:50]} 3. Nc3 {[%emt 0:00:05]} Bg7 {[%emt 0:00:04]} 4. g3 {[%emt 0:00:33]} O-O {[%emt 0:00:12]} 5. Bg2 {[%emt 0:00:05]} d6 {[%emt 0:00:06]} 6. Nf3 {[%emt 0:00:14]} c6 {[%emt 0:00:04]} 7. O-O {[%emt 0:00:16]} Qa5 {[%emt 0:00:03]} 8. h3 {[%emt 0:01:04]} e5 {[%emt 0:01:30]} 9. e4 {[%emt 0:00:19]} Nbd7 {[%emt 0:00:21]} 10. Be3 {[%emt 0:00:53]} Qa6 {[%emt 0:03:43] E69: King's Indian: Fianchetto: 6...Nbd7 7 0-0 e5 8 e4 c6 9 h3} (10... exd4 11. Nxd4 Nb6 12. Nb3 Qa6 13. c5 Nc4 14. Bd4 dxc5 15. Nxc5 Qa5 16. Qe2 Nb6 17. a3 Nbd7 18. b4 Qc7 19. Rfd1 Re8 {1-0 (51) Cheparinov,I (2710)-Mchedlishvili,M (2603) Riadh 2017}) 11. Rc1 $146 {[%emt 0:06:38]} ({Predecessor:} 11. b3 b5 12. cxb5 cxb5 13. dxe5 dxe5 14. a4 bxa4 15. Rxa4 Qb7 16. Qa1 Qxb3 17. Rb1 Qe6 18. Bxa7 Qc6 19. Ra5 {½-½ (38) Budai,D (2136)-Suto,G (2313) Szombathely 2003}) 11... Re8 {[%emt 0:04:49]} (11... Qxc4 $11 12. Qd2 Qb4) 12. d5 {[%emt 0:04:36]} c5 {[%emt 0:05:14]} 13. b4 {[%emt 0:01:51]} cxb4 {[%emt 0:01:46]} 14. Nb5 {[%emt 0:00:18]} Nc5 {[%emt 0:08:24] [#]} 15. Nc7 {[%emt 0:03:37]} (15. a3 $1 $16 {[%cal Ra3b4][%mdl 512]} bxa3 16. Bxc5 (16. Nc7 Qa5 $16) 16... dxc5 17. Nc7 {[%mdl 64] Double Attack}) 15... Qa5 {[%emt 0:00:08]} 16. Nxe8 {[%emt 0:01:22]} Nxe8 {[%emt 0:00:04]} 17. Nd2 {[%emt 0:00:57]} Qc7 {[%emt 0:09:43]} 18. a3 {[%emt 0:01:55]} bxa3 {[%emt 0:06:58]} 19. Ra1 {[%emt 0:00:42]} f5 {[%emt 0:05:39]} 20. Rxa3 {[%emt 0:00:30]} b6 {[%emt 0:04:34]} 21. exf5 {[%emt 0:08:39]} gxf5 {[%emt 0:06:26]} 22. Qh5 {[%emt 0:00:37]} Bd7 {[%emt 0:05:24]} 23. Bh6 {[%emt 0:02:11]} Bf6 $16 {[%emt 0:05:45]} 24. g4 {[%emt 0:06:36]} fxg4 {[%emt 0:12:59]} 25. Ne4 {[%emt 0:08:46]} Nxe4 {[%emt 0:02:36]} 26. Bxe4 {[%emt 0:00:05]} Qxc4 {[%emt 0:00:02]} 27. Re1 {[%emt 0:03:29]} Ng7 {[%emt 0:05:38]} 28. Bxg7 {[%emt 0:00:09]} Bxg7 {[%emt 0:00:02]} 29. hxg4 {[%emt 0:00:41]} Be8 {[%emt 0:01:17]} 30. Bxh7+ {[%emt 0:02:27]} Kf8 {[%emt 0:00:32]} 31. Rf3+ {[%emt 0:00:11]} 1-0